Responses for Show #878 - Wednesday, June 1, 1988

Contestants

[<< previous game]

Pam Brown, a graduate student from Stillwater, Oklahoma

Bob Palitz, an engineer from Honolulu, Hawaii

Jack Koenig, an actor and househusband from New York City, New York (whose 1-day cash winnings total $6,000)

[next game >>]

Jeopardy! Round responses

AMERICAN MUSIC
ANIMALS
ROYAL ANNES
THE MOVIES
FITNESS
NUMBER, PLEASE
    $100 25
"My Country 'Tis of Thee" ("America")

Jack
    $100 10
bat

Bob
    $100 4
France

Pam
    $100 21
Anthony Perkins

Pam
    $100 5
(Bob: What are typical women's measurements?)

typical men's measurements

BobPam
    $100 15
100

Bob
    $200 27
live and die in Dixie

Jack
    $200 11
queen

Triple Stumper
    $200 8
Anne Boleyn

Pam
    $200 7
Victor Victoria

Pam
    $200 6
touching the ground

Jack
    $200 16
88

Pam
    $300 29
[The end-of-round signal sounds.]

"Over There"

Jack
    $300 12
Antarctica

Bob
    $300 9
younger sister

Triple Stumper
    $300 1
Napoleon

Jack
    $300 17
jogging (running)

Bob
    $300 18
7th

Bob
    $400 28
"Marching Through Georgia"

Pam
    $400 13
Siamese

Triple Stumper
    $300 22
Princess Anne

Pam
    $400 2
Ann Sothern

Triple Stumper
    $400 24
cross-country skiing

Jack
    $400 19
(Bob: What is 7?)
(Jack: What is 4?)

3

JackBob
Triple Stumper
    $500 26
(Bob: What is hallelujah?)
(Alex: Only 3 times.)

glory

BobPam
    $500 14
narwhal

Triple Stumper
    $500 23
(Alex: With a minute to go in the round.)

Anne of Cleves

Pam
    $500 3
Morocco

Bob
    $500 20
17

Triple Stumper

Scores at the first commercial break (after clue 14):

Jack Bob Pam
$500 $800 $600

Scores at the end of the Jeopardy! Round:

Jack Bob Pam
$1,100 $600 $2,600

Double Jeopardy! Round responses

THE UNIVERSE
THE 1950s
THE TEXAS RANGERS
CELEBRITY AUTHORS
STARTS WITH "C"
PRESIDENTIAL RESTING PLACES
    $200 1
when was the universe formed

Pam
    $200 2
Pearl Harbor

Bob
    $200 20
(Bob: Who was Winchester?)

(Samuel) Colt

BobPam
    $200 4
Brooke Shields

Pam
    $200 5
Capricorn

Bob
    $200 13
Washington, DC

Jack
    $400 3
the North Star

Jack
    $400 24
Pat Nixon

Bob
    $400 21
their badge

Jack
    $400 9
Lana Turner

Pam
    $400 10
contortionist

Pam
    $400 14
(Alex: Grant.)

New York City

Jack
    $600 6
(Jack: What is Jupiter?)

Saturn

JackBob
    $600 28
(Alex: With less than a minute to go.)

Shirley Temple

Bob
    $600 18
Joan Kennedy

Pam
    $600 11
countess

Pam
    $600 15
Princeton

Jack
    $800 7
(Bob: What is an asteroid?)

planet

Bob
Triple Stumper
    $1,500 29
(Bob: Who was Bobby Vinton?)
[The end-of-round signal sounds.]

Frankie Avalon

Bob
    $800 27
Bonnie & Clyde

Jack
    $1,000 19
(Pam: I don't know.)

Margaret Truman

Pam
    $800 12
cryptography (cryptology)

Jack
    $800 16
Martin Van Buren

Jack
    $1000 8
gamma rays

Jack
    $1000 25
Egypt

Bob
    $1000 26
(Pam: What is Houston?)

Austin

Pam
Triple Stumper
    $1000 22
Bette Davis

Jack
    $1000 23
crenulated

Triple Stumper
    $1000 17
Warren G. Harding

Jack

Scores at the end of the Double Jeopardy! Round:

Jack Bob Pam
$7,900 $1,100 $3,200
(lock game)

[wagering suggestions for these scores]

Final Jeopardy! Round responses

BRIDGES
BobWhat is St. Louis?
$1,099
PamWhat is St. Louis?
$3,200
JackWhat is New Orleans?
$1,499
New Orleans

Final scores:

Jack Bob Pam
$9,399 $1 $0
2-day champion: $15,399 2nd place: Berkline Wall-Away sofa & Bauer table lamp 3rd place: General Electric gas range

Game dynamics:

Coryat scores:

Jack Bob Pam
$7,900 $2,600 $4,300
17 R,
2 W
12 R,
6 W
(including 1 DD)
17 R
(including 1 DD),
2 W
(including 1 DD)

Combined Coryat: $14,800

[game clues] [game scores] [suggest correction]

Game tape date: 1988-03-07
The J! Archive is created by fans, for fans. Scraping, republication, monetization, and malicious use prohibited; this site may use cookies and collect identifying information. See terms. The Jeopardy! game show and all elements thereof, including but not limited to copyright and trademark thereto, are the property of Jeopardy Productions, Inc. and are protected under law. This website is not affiliated with, sponsored by, or operated by Jeopardy Productions, Inc. Join the discussion at JBoard.tv.